000 00347nam a2200145Ia 4500
008 230917s9999||||xx |||||||||||||| ||und||
040 _e181712
_aMAIN
041 _aEnglish
082 _a658 C268C
100 _aLather, Anu Singh, ed.
245 0 _aCases in managment
260 _aDelhi
_bWisdom Press
_c2009
300 _a390 p.
942 _cBK
999 _c153880
_d153880